• 首页
  • 本馆介绍
  • 公告通知
  • 最新文献
  • 馆藏检索
  • 电子资源
  • 读者导购
  • 参考咨询
  • 我的图书馆
  • 登录
  • 详细信息显示
  • 放入我的书架
  • 预约/预借图书
  • 作者相关作品
  • 分类相关作品
  • 丛书相关作品
  • 出版社相关作品

书目信息

  • 表格格式
  • 工作单格式
  • 卡片格式
题名:
棠阴比事选
    
 
作者: 桂万荣 编撰 ;吴讷删正、续补 , 陈顺烈校注、今
分册:  
出版信息: 北京   群众出版社  1980.12
页数: 141页
开本: 19cm
丛书名:
单 册:
中图分类: D929.44 , D916
科图分类:
主题词: 法学--部门--法学--部门
电子资源:
ISBN:
000 00711nam0 2200229 45
001 1553223673
005 20151110111439.87
010    @dCNY0.46
091    @a3067.96
100    @a20030520d1980 km y0chiy0120 ea
101 0  @achi
200 1  @a棠阴比事选@ATang Yin Bi Shi Xuan@f(宋)桂万荣编撰@F(Song)Gui Wan Rong Bian Zhuan@g(明)吴讷删正、续补@g陈顺烈校注、今译
210    @a北京@c群众出版社@d1980.12
215    @a141页@d19cm
606 0  @a法学@x部门@a法学@x部门
690    @aD929.44@v3
690    @aD916@v4
701  0 @a桂万荣@4编撰
702  0 @a吴讷删正、续补@AWu Ne Shan Zheng、Xu Bu
702  0 @a陈顺烈校注、今@AChen Shun Lie Xiao Zhu、Jin@4译
801    @aCN@bTSTC@c20070708
905    @aZUCC@dD916@eJY15
    
    棠阴比事选/(宋)桂万荣编撰/(明)吴讷删正、续补/陈顺烈校注、今译.-北京:群众出版社,1980.12
    141页;19cm
    
    
    ISBN :CNY0.46
    
●
相关链接 在E读中查询图书 在五车中查询图书 在当当中查询图书 在豆瓣中查询图书


正题名:棠阴比事选     索取号:D916/JY15         预约/预借

序号 登录号 条形码 馆藏地/架位号 状态 备注
1 7852701   278527015   学院路分馆/ [索取号:D916/JY15] 在馆    
唐山师范学院图书馆 欢迎您!
大连网信软件有限公司© 版权所有